| 000 | 00862nac a22002771u 4500 | ||
|---|---|---|---|
| 003 | OSt | ||
| 005 | 20221101100931.0 | ||
| 008 | 221101t2003 mauae f b 000 0 eng d | ||
| 020 | _a1564969304 | ||
| 040 |
_aEG-ScBUE _beng _erda _cEG-ScBUE _dEG-ScBUE |
||
| 082 | 0 | 4 |
_a721.044 _bMAT _222 |
| 245 | 0 | 0 | _aMaterials. |
| 264 | 1 |
_aGloucester, Massachusetts : _bRockport Publishers, Inc., _c[2003] |
|
| 264 | 4 | _cc2003 | |
| 300 |
_a190 pages : _billustrations (chiefly color), plans ; _c29 cm. |
||
| 336 |
_2rdacontent _atext _btxt |
||
| 337 |
_2rdamedia _aunmediated _bn |
||
| 338 |
_2rdacarrier _avolume _bnc |
||
| 490 | 0 | _aArchitecture in detail | |
| 504 | _aIncludes bibliographical references. | ||
| 650 | 7 |
_aBuilding materials. _2BUEsh |
|
| 650 | 7 |
_aDecoration and ornament, Architectural. _2BUEsh |
|
| 653 | _bENGARC | ||
| 655 | _vReading book | ||
| 942 |
_cBB _2ddc |
||
| 999 |
_c3072 _d3072 |
||